00441nam a22001577a 450000300070000000500170000700800410002402000180006504000090008308200160009210000220010824500670013025000120019726000460020930000280025533001020250624120110.0250624b sa ||||| |||| 00| 0 eng d a9780230228221 c3228 a344.01 BRON aBRONSTEIN, Arturo aInternational And Comparative Labour Law :bCurrent Challenges a1st Ed. aBasingstoke, UKbPalgrave Macmillanc2009 axxxii, 285 pagesc23 cm